Every Single Doofenschmirtz Inator - Statistics

General Stats
  • This quiz has been taken 11 times
  • The average score is 11 of 215
Answer Stats
Season Inator % Correct
Season 1 Inator
56%
Season 2 De-Evolution-inator
33%
Season 1 Poop-inator
33%
Candace Against The Universe Axe-inator
22%
Season 2 Ballgown-inator
22%
Season 1 Bread-inator
22%
Season 3 Chicken Replace-inator
22%
Season 1 Dance-inator
22%
Season 1 Drill-inator
22%
Season 1 Gloom-inator-3000-inator
22%
Season 4 I-don't-care-Inator
22%
Season 1 Melt-inator 6-5000
22%
Season 2 Mountain Out of a Molehill-inator
22%
Season 2 Naughty-inator
22%
Season 2 Paper Cut-inator
22%
Season 4 Rust-inator
22%
Season 2 Smell-Inator
22%
Season 2 Turn Everything Evil-inator
22%
Season 1 Ugly-inator
22%
Season 4 Abominable-inator
11%
Season 3 Back-story-inator
11%
Season 4 Back-to-the-Store-inator
11%
Season 1 Blender-inator
11%
Season 2 Bum Bum-inator
11%
Season 3 Butler-inator
11%
Season 2 Carbon Footprint-inator
11%
Season 3 Chicken Soup-inator
11%
Season 3 Combine-inator
11%
Season 1 Deflate-inator
11%
Season 1 Destruct-inator
11%
Season 2 De-Volition-inator
11%
Season 3 | Season 4 Disintegrator-inator
11%
Season 4 Do-Over-Inator
11%
Season 3 Dough Blow-inator
11%
Season 3 Dull and Boring-inator
11%
Season 2 Duplic-8-inator
11%
Season 3 Forget-About-It-inator
11%
Season 1 Freez-inator
11%
Season 2 Go Away-inator
11%
Season 3 Go Home-inator
11%
Season 4 Impersonator-Inator
11%
Season 4 Inflate-inator
11%
Season 3 Juice-inator
11%
Season 2 Junk Food-inator
11%
Season 4 Kinderlumper-inator
11%
Season 1 Leaf Blower-inator
11%
Season 3 Least Likely-inator
11%
Season 4 Mid-Life-Crisis-Inator
11%
Season 1 Misbehave-inator
11%
Season 1 Monster Truck Away-inator
11%
Season 3 Mustache-inator
11%
Season 3 Peach Cobbler-inator
11%
Season 4 Power-Drain-inator
11%
Season 3 Rain-inator
11%
Season 2 Retire-inator
11%
Season 2 Re-Tire-inator
11%
Season 2 Sand-inator
11%
Season 1 Sandwich-Suit-Remove-inator
11%
Season 4 Sith-Inator
11%
Season 4 Sloth-inator
11%
Season 3 Sphere-Attract-inator
11%
Season 3 Stain-inator
11%
Season 3 Stick-inator
11%
Season 4 Teleport-inator
11%
Season 3 Tell-the-Truth-inator
11%
Season 2 Tilt-inator
11%
Season 4 Tri-Governor Inator
11%
Season 3 Turkey-inator
11%
Season 3 Ultimate Evil-inator
11%
Season 4 Waffle-inator
11%
Season 2 Whale Translator-inator
11%
Season 2 Yodel-inator
11%
Season 4 90 Degree-Turn-inator
0%
Season 2 Accelerate-inator
0%
Season 2 Aerosol Propelled Ozone Deplete-inator
0%
Season 1 Age Accelerator-inator
0%
Season 3 A-Leaky Faucet-inator
0%
Season 2 Alien-inator
0%
Season 3 All-Purpose-inator
0%
Phineas and Ferb the Movie: Across the 2nd Dimension Amnesia-inator
0%
Season 2 Anti Gravity Evil Launch-inator
0%
Season 4 Aroma-inator
0%
Season 4 Away-inator helmet
0%
Season 3 Babe-inator
0%
Season 3 Baby-Cry-inator
0%
Season 2 Be-gone-inator
0%
Season 4 Best-inator
0%
Season 3 Big Sad Eye-inator
0%
Season 4 Blend-Into-The-Background-inator
0%
Season 3 Blow-Itself-Up-Inator
0%
Season 2 Brat Begone-inator
0%
Season 4 Bring-Out-Dessert-inator
0%
Season 4 Bugs-Me-inator
0%
Season 2 Cage-inator
0%
Season 1 Chinese Platypus Trap Disguised as a Monster Truck Locate-inator
0%
Season 4 Cloud Magnetiz-inator
0%
Season 1 Coition-inator
0%
Season 1 Concoction Brewinator
0%
Season 3 Confetti-inator
0%
Season 3 Cool-inator
0%
Season 1 Copy and Paste-inator
0%
Season 3 Cupcake-hug-o-fettti-inator
0%
Season 3 Cupcake-inator
0%
Season 3 De-age-inator
0%
Season 4 De-Clutter-inator
0%
Season 3 De-Handsome-inator
0%
Season 2 Delete From My Mind-inator
0%
Season 2 De-Love-inator-Satellite
0%
Season 3 Derezz-inator
0%
Season 1 Destructo-inator
0%
Season 3 De-Twist-inator
0%
Season 3 Dodo-Bird-Incubator-inator
0%
Season 3 Double-inator
0%
Season 4 Double-Negative-inator
0%
Season 3 Duplicate-inator 2
0%
Season 3 Dynamic-inator
0%
Season 4 Eat-It-All-inator
0%
Season 2 Eradicate Rodney's-Inator-inator
0%
Season 2 Evaporator-inator
0%
Season 4 Eye-Fog-inator
0%
Season 4 Feed-The-Pigeons-inator
0%
Season 3 Fitness Equipment Lock-inator
0%
Season 1 Flat-a-Platinator
0%
Candace Against The Universe Galactic Travel-inator
0%
Season 3 Galaxy-inator
0%
Season 2 Giant Dog Biscuit-inator Covered in Gravy
0%
Season 1 Giant Robotic Penguin Icy Freeze Your Socks Off Breath-inator
0%
Season 1 Giant Robot Spider-inator
0%
Season 2 Gigantinator
0%
Season 3 Gimmelshtump-inator
0%
Season 4 Gum-Under-The-Shoe-inator
0%
Season 3 Historical Army Retrieve-inator
0%
Season 3 Hitch-a-Ride-inator
0%
Season 2 Hot Dog Vendor Revenge-inator
0%
Season 3 Hug-inator
0%
Season 3 If-a-Tree-Fell-In-the-Forest-inator
0%
Season 2 In Doors-inator
0%
Season 4 Inexplicable Giant Floating Baby Head-Attract-inator
0%
Season 3 Inside-Out-Inator
0%
Season 2 Invis-inator
0%
Season 3 Julienn-inator
0%
Season 3 Key-Find-inator
0%
Season 2 Kick-inator 5000
0%
Season 2 Look Away-inator
0%
Season 4 Luffa-plex Dill Pickle-inator
0%
Season 2 Lunar Rotate-inator
0%
Season 3 Magnify-inator
0%
Season 4 Make Things Larger-inator
0%
Season 1 Make-Up-Your-Mind-inator
0%
Season 1 Media-Erase-inator
0%
Season 2 Metal Destruct-inator
0%
Season 3 Metal Unearth-inator
0%
Season 3 Mind-Transfer-inator
0%
Season 2 Mine-inator
0%
Season 3 Moisture Suck-inator
0%
Season 2 Monkey Enslave-inator helmet
0%
Season 1 Monster Truck Locate-inator
0%
Season 4 Motivator-Inator
0%
Season 4 Multi-Helio-Tactical-Baboon-Glom-inator
0%
Season 2 Musical-Videoclip-inator / Musical-Video-Mind-Control-inator
0%
Season 2 Nanny-inator
0%
Season 1 Now Who's Blinded by Sand-inator
0%
Season 4 Oatmeal-to-Porridge-inator
0%
Season 2 Omni-Directional-Amplifinator
0%
Phineas and Ferb the Movie: Across the 2nd Dimension Other Dimension-inator
0%
Phineas and Ferb the Movie: Across the 2nd Dimension Other Other Dimension-inator
0%
Season 3 Overhang-inator
0%
Season 3 Pick 'Em Up-inator
0%
Season 3 Pickle Slicer-inator
0%
Season 2 Plata-Proliferator-inator
0%
Season 3 Platyp-inator
0%
Season 2 Platypus Secret Agent Arrival In Order to Foil My Evil Plot Capture-inator
0%
Season 3 Pop-Up-inator
0%
Season 4 Power-Drain-inator Mark 2
0%
Season 2 Pre-Empt-Inator
0%
Season 2 Read My Mind-inator
0%
Season 3 Re-good-inator
0%
Season 4 Repulse-inator
0%
Season 4 Resolution-Changer-inator
0%
Season 3 Rotten-inator
0%
Season 3 Rude-inator
0%
Season 3 Salt Water Taffy-inator
0%
Season 2 Scorch-inator
0%
Season 3 Sculpt-inator
0%
Season 4 Shift-The-Earth's-Position-Further-Away-From-The-Sun-Inator
0%
Season 2 Shrink-inator Ray
0%
Season 1 Slave-inator
0%
Season 1 Slow Motion-inator
0%
Season 3 Smells-Like-Hay-inator
0%
Season 4 Sog-Inator
0%
Season 1 Space Laser-inator
0%
Season 2 Static Electro Amplif-inator
0%
Season 4 Stinkelkrampen-Inator
0%
Season 2 Straitjacket-inator
0%
Season 2 Super-Claw-inator
0%
Season 4 Switch-Place-inator
0%
Season 4 Time-Straighten-Out-Inator
0%
Season 4 Train Operator-inator
0%
Season 4 Transmogrification-Backpack-inator
0%
Season 3 Transport-inator
0%
Season 3 Trip to the Desert-inator
0%
Season 3 Underwear-inator
0%
Season 4 Unexist-inator / True-purpose-shrouded-in-an-enigma-inator
0%
Season 4 Unretrograde-Inator
0%
Season 2 Unstuck-inator
0%
Season 3 Upper Decker-inator
0%
Season 3 Vaporizer-inator
0%
Season 3 Very Very Bad-inator
0%
Season 3 Video-Beam-Hijack-Non-inator
0%
Season 1 Voice-inator
0%
Season 4 Warthog-Sprayer-inator
0%
Season 1 Wood-inator
0%
Season 4 Worst-Fear-inator
0%
Season 2 Wrapped Up In A Nice Little Bow-inator
0%
No matching quizzes found
Score Distribution
Percent of People with Each Score
Percentile by Number Answered
Your Score History
You have not taken this quiz